Catalog

Record Details

Catalog Search



Coat of many colors = El abrigo de muchos colores  Cover Image Book Book

Coat of many colors = El abrigo de muchos colores / Dolly Parton ; illustrated by Brooke Boynton-Hughes ; ilustrado por Brooke Boynton-Hughes ; traducción de Teresa Mlawer.

Parton, Dolly,: (author.). Boynton-Hughes, Brooke,: (illustrator.). Mlawer, Teresa,: (translator.).

Summary:

Dolly Parton lends the lyrics of her classic song "Coat of Many Colors" to this heartfelt picture book for young readers. Country music legend Dolly Parton's rural upbringing in the Smoky Mountains of Tennessee provides the backdrop for this special picture book. Using lyrics from her classic song "Coat of Many Colors," the book tells the story of a young girl in need of a warm winter coat. When her mother sews her a coat made of rags, the girl is mocked by classmates for being poor. But Parton's trademark positivity carries through to the end as the girl realizes that her coat was made with love "in every stitch." Beautiful illustrations pair with Parton's poetic lyrics in this heartfelt picture book sure to speak to all young readers.

Record details

  • ISBN: 9781524789664
  • ISBN: 1524789666
  • Physical Description: 1 volume (unpaged) : color illustrations ; 26 x 25 cm
  • Edition: Imagination Library edition.
  • Publisher: New York, New York : Grosset & Dunlap, an imprint of Penguin Random House, 2016.

Content descriptions

General Note:
English edition originally published: New York, HarperCollins, 1994.
"Dolly Parton's Imagination Library."--Cover.
Target Audience Note:
003-007.
Language Note:
Parallel text in English & Spanish.
Bilingüe, Inglés/Español.
Subject: Clothing and dress > Juvenile fiction.
Poor > Juvenile fiction.
Mothers and daughters > Juvenile fiction.
Spanish language materials.
Genre: Picture books
Fiction
Juvenile works
Bilingual.
Children's stories > Pictorial works.
Stories in rhyme.
Histoires rimées.

Available copies

  • 1 of 1 copy available at scottsboropl.

Holds

  • 0 current holds with 1 total copy.
Show Only Available Copies
Location Call Number / Copy Notes Barcode Shelving Location Status Due Date
scottsboropl E Par 32269001257156 Juvenile - Easy Available -

LDR 03692cam a2200889 i 4500
001163905
003SBPL
00520240802155111.0
008190104t20162016nyua j 000 1 eng d
007tu
020 . ‡a9781524789664 ‡q(Special Markets ; ‡qBilingual paperback)
020 . ‡a1524789666 ‡q(Special Markets ; ‡qBilingual paperback)
020 . ‡z9780451532374 ‡q(paperback)
035 . ‡a(OCoLC)1080952656
050 4. ‡aPZ8.3.P2714 ‡bCo 2016a
08204. ‡a[E] ‡223
1001 . ‡aParton, Dolly,: ‡eauthor.
24510. ‡aCoat of many colors = ‡bEl abrigo de muchos colores / ‡cDolly Parton ; illustrated by Brooke Boynton-Hughes ; ilustrado por Brooke Boynton-Hughes ; traducción de Teresa Mlawer.
24610. ‡aAbrigo de muchos colores
2460 . ‡aCoat of many colors
250 . ‡aImagination Library edition.
264 1. ‡aNew York, New York : ‡bGrosset & Dunlap, an imprint of Penguin Random House, ‡c2016.
300 . ‡a1 volume (unpaged) : ‡bcolor illustrations ; ‡c26 x 25 cm
336 . ‡atext ‡btxt ‡2rdacontent
336 . ‡astill image ‡bsti ‡2rdacontent
337 . ‡aunmediated ‡bn ‡2rdamedia
338 . ‡avolume ‡bnc ‡2rdacarrier
4900 . ‡aDolly Parton's imagination library.
500 . ‡aEnglish edition originally published: New York, HarperCollins, 1994.
500 . ‡a"Dolly Parton's Imagination Library."--Cover.
520 . ‡aDolly Parton lends the lyrics of her classic song "Coat of Many Colors" to this heartfelt picture book for young readers. Country music legend Dolly Parton's rural upbringing in the Smoky Mountains of Tennessee provides the backdrop for this special picture book. Using lyrics from her classic song "Coat of Many Colors," the book tells the story of a young girl in need of a warm winter coat. When her mother sews her a coat made of rags, the girl is mocked by classmates for being poor. But Parton's trademark positivity carries through to the end as the girl realizes that her coat was made with love "in every stitch." Beautiful illustrations pair with Parton's poetic lyrics in this heartfelt picture book sure to speak to all young readers.
5211 . ‡a003-007.
546 . ‡aParallel text in English & Spanish.
546 . ‡aBilingüe, Inglés/Español.
650 0. ‡aClothing and dress ‡vJuvenile fiction.
650 0. ‡aPoor ‡vJuvenile fiction.
650 0. ‡aMothers and daughters ‡vJuvenile fiction.
650 0. ‡aSpanish language materials.
655 7. ‡aPicture books
655 7. ‡aFiction
655 7. ‡aJuvenile works
655 7. ‡aBilingual.
655 7. ‡aChildren's stories ‡xPictorial works.
655 7. ‡aStories in rhyme. ‡2lcgft
655 7. ‡aHistoires rimées. ‡2rvmgf
7001 . ‡aBoynton-Hughes, Brooke,: ‡eillustrator.
7001 . ‡aMlawer, Teresa,: ‡etranslator.
901 . ‡a163905 ‡bAUTOGEN ‡c163905 ‡tbiblio

Additional Resources